Municipalities of Fukushima - Click Map - Statistics

General Stats
  • This quiz has been taken 8 times
  • The average score is 23 of 59
Answers on the Map
Answers color-coded by a green-red scale on the quiz's map according to % correct below.
 
Answer Stats
Answer % Correct
Date 伊達市 だてし
75%
Fukushima 福島市 ふくしまし
75%
Minamisoma 南相馬市 みなみそうまし
75%
Nishigo 西郷村 にしごうむら
75%
Aizubange 会津坂下町 あいづばんげまち
50%
Aizumisato 会津美里町 あいづみさとまち
50%
Aizuwakamatsu 会津若松市 あいづわかまつし
50%
Futaba 双葉町 ふたばまち
50%
Hinoemata 檜枝岐村 ひのえまたむら
50%
Iitate 飯舘村 いいたてむら
50%
Inawashiro 猪苗代町 いなわしろまち
50%
Iwaki いわき市 いわきし
50%
Kagamiishi 鏡石町 かがみいしまち
50%
Kawauchi 川内村 かわうちむら
50%
Kitakata 喜多方市 きたかたし
50%
Kitashiobara 北塩原村 きたしおばらむら
50%
Koriyama 郡山市 こおりやまし
50%
Miharu 三春町 みはるまち
50%
Minamiaizu 南会津町 みなみあいづまち
50%
Motomiya 本宮市 もとみやし
50%
Namie 浪江町 なみえまち
50%
Nihonmatsu 二本松市 にほんまつし
50%
Nishiaizu 西会津町 にしあいづまち
50%
Otama 大玉村 おおたまむら
50%
Shimogo 下郷町 しもごうまち
50%
Shirakawa 白河市 しらかわし
50%
Showa 昭和村 しょうわむら
50%
Soma 相馬市 そうまし
50%
Sukagawa 須賀川市 すかがわし
50%
Tadami 只見町 ただみまち
50%
Asakawa 浅川町 あさかわまち
25%
Bandai 磐梯町 ばんだいまち
25%
Furudono 古殿町 ふるどのまち
25%
Hanawa 塙町 はなわまち
25%
Hirata 平田村 ひらたむら
25%
Hirono 広野町 ひろのまち
25%
Ishikawa 石川町 いしかわまち
25%
Izumisaki 泉崎村 いずみざきむら
25%
Kaneyama 金山町 かねやままち
25%
Katsurao 葛尾村 かつらおむら
25%
Kawamata 川俣町 かわまたまち
25%
Kori 桑折町 こおりまち
25%
Kunimi 国見町 くにみまち
25%
Mishima 三島町 みしままち
25%
Nakajima 中島村 なかじまむら
25%
Naraha 楢葉町 ならはまち
25%
Okuma 大熊町 おおくままち
25%
Ono 小野町 おのまち
25%
Samegawa 鮫川村 さめがわむら
25%
Shinchi 新地町 しんちまち
25%
Tamakawa 玉川村 たまかわむら
25%
Tamura 田村市 たむらし
25%
Tanagura 棚倉町 たなぐらまち
25%
Tenei 天栄村 てんえいむら
25%
Tomioka 富岡町 とみおかまち
25%
Yabuki 矢吹町 やぶきまち
25%
Yamatsuri 矢祭町 やまつりまち
25%
Yanaizu 柳津町 やないづまち
25%
Yugawa 湯川村 ゆがわむら
25%
No matching quizzes found
Score Distribution
Percent of People with Each Score
Percentile by Number Answered
Your Score History
You have not taken this quiz